Normal view
MARC view
- Sultan, Badar
Entry Personal Name
001 - CONTROL NUMBER
- control field: 124967
003 - CONTROL NUMBER IDENTIFIER
- control field: NUST
005 - DATE AND TIME OF LATEST TRANSACTION
- control field: 20240802091851.0
008 - FIXED-LENGTH DATA ELEMENTS
- fixed length control field: 240802|| aca||aabn | a|a d
040 ## - CATALOGING SOURCE
- Original cataloging agency: NUST
- Transcribing agency: NUST
100 ## - HEADING--PERSONAL NAME
- Personal name: Sultan, Badar
670 ## - SOURCE DATA FOUND
- Source citation: Work cat.: (NUST): Sultan, Badar , Performance Enhancement of a Shell and Tube Heat Exchanger by Introducing Novel Baffle Design /
